000 00693nam a2200289Ia 4500
005 20260324113848.0
008 008 260324s9999 xx 000 0 eng d
020 _a9781003314707
037 _aEBOOK
040 _aCRL
040 _beng
040 _cCRL
041 _2eng
041 _aeng
084 _qCRL
100 _aJeffrey W. Brown
_91148473
245 0 _aLeading the Digital Workforce
245 0 _bIT Leadership Peak Performance and Agility
260 _bTaylor and Francis
260 _c2023
365 _a
365 _b210
856 _uhttp://www.taylorfrancis.com/books/9781003314707
942 _cEBOOK
999 _c1738343
_d1738343